Kapitál v 21. století

Guardado en:
Detalles Bibliográficos
Autor principal: Piketty, Thomas
Otros Autores: Chartier, Jana
Formato: Libro
Lenguaje:checo
Publicado: Praha Knižní klub 2015
Colección:Universum
Materias:
Etiquetas: Agregar Etiqueta
Sin Etiquetas, Sea el primero en etiquetar este registro!

MARC

LEADER 00000nam a2200000 4500
001 0209020
005 20230109073057.5
020 |a 978-80-242-4870-7 
041 0 |a cze 
044 |a CZ 
245 1 0 |a Kapitál v 21. století  |c Thomas Piketty ; translation: Jana Chartier 
264 1 |a Praha  |b Knižní klub  |c 2015 
300 |a 663 s. 
490 1 |a Universum 
830 0 |a Universum 
610 2 0 |a kapitál 
610 2 0 |a majetok 
610 2 0 |a príjmy 
610 2 0 |a nerovnosť sociálna 
610 2 0 |a prognózy hospodárske 
610 2 0 |a história 
610 2 0 |a kapitalizmus 
610 2 0 |a príjmy obyvateľstva 
610 2 0 |a rozdeľovanie 
610 2 0 |a nerovnosť 
610 2 0 |a nerovnosť dôchodková 
610 2 0 |a parita sily kúpnej 
610 2 0 |a porovnanie medzinárodné 
100 1 |a Piketty, Thomas 
700 1 |a Chartier, Jana